logo

Bir Sreshtho Munshi Abdur Rouf Library
Jhenaidah Cadet College

উচ্চ মাধ্যমিক প্রাণিবিজ্ঞান : (Record no. 8727)

MARC details
000 -LEADER
fixed length control field 00951nam a2200229 a 4500
001 - CONTROL NUMBER
JCCL Control Number 8727
003 - CONTROL NUMBER IDENTIFIER
JCCL marc code BD-JhCC
005 - DATE AND TIME OF LATEST TRANSACTION
control field 20180529115132.0
008 - FIXED-LENGTH DATA ELEMENTS--GENERAL INFORMATION
fixed length control field 180301s19781992 a|||| |a 000 0 d
035 ## - SYSTEM CONTROL NUMBER
system control number (BD-JhCC)8727
040 ## - CATALOGING SOURCE
Original cataloging agency BD-JhCC
Modifying agency BD-JhCC
041 ## - LANGUAGE CODE
Language code of Book ben
082 ## - DEWEY DECIMAL CLASSIFICATION NUMBER
Classification number 591
Author mark and Year MIY 1978
100 ## - MAIN ENTRY--PERSONAL NAME
Personal name মিঞা, মো: আবদুল মমিন
245 ## - TITLE STATEMENT
Title উচ্চ মাধ্যমিক প্রাণিবিজ্ঞান :
Remainder of title প্রাণী শারীরবৃত্তি ও মানবদেহ সম্বলিত /
Statement of responsibility, etc মো: আবদুল মমিন মিঞা ও মাহমুদ জাহাঙ্গীর হাসান.
260 ## - PUBLICATION, DISTRIBUTION, ETC. (IMPRINT)
Place of publication, distribution, etc ঢাকা :
Name of publisher, distributor, etc আইডিয়াল লাইব্রেরী;
Date of publication, distribution, etc 1978.
300 ## - PHYSICAL DESCRIPTION
Pagination 806 p. :
Dimensions 20 cm.
651 ## - SUBJECT ADDED ENTRY--GEOGRAPHIC NAME
Geographic name Zoology.
700 ## - ADDED ENTRY--PERSONAL NAME
Personal name হাসান,মাহমুদ জাহাঙ্গীর .
942 ## - ADDED ENTRY ELEMENTS (KOHA)
Source of classification or shelving scheme Library of Congress Classification
Koha item type Books
Holdings
Source of classification or shelving scheme Damaged status Not for loan Home library Current library Shelving location Date of accession Cost, normal purchase price Total Checkouts Full call number Barcode Date last seen Copy number Koha item type
Dewey Decimal Classification     JCC Rouf Library JCC Rouf Library General Stacks 03/01/2018 120.00   591 MIY 1978 11164 03/01/2018 C-1 Books

JCC Library | Contacts | JCC Home

Last Update on 23 September 2017
Copyright @ 2017-2020 JCC Rouf Library
Rouf Library, Jhenidah Cadet College (JCC), Bangladesh